[Event "Titled Tuesday intern op 24th Aug"]
[Site "Chess.com INT"]
[Date "2021.08.24"]
[Round "6"]
[White "Desideri, Ricardo Maruchi"]
[Black "Stepak, Yedael"]
[Result "0-1"]
[WhiteElo "1939"]
[BlackElo "2189"]
[PlyCount "48"]
[EventDate "2021.08.24"]
[EventType "swiss (blitz)"]
[EventRounds "11"]
[EventCountry "USA"]
[SourceTitle "EXT 2022"]
[Source "ChessBase"]
[SourceDate "2021.10.06"]
[SourceVersion "1"]
[SourceVersionDate "2021.10.06"]
[SourceQuality "1"]

1. e4 c5 2. Nf3 e6 3. d4 cxd4 4. Nxd4 a6 5. Bd3 Qc7 6. f4 d6 7. Nc3 Nd7 8. Be3 b5 9. a3 Bb7 10. Qe2 Ngf6 11. g4 d5 12. e5 Ne4 13. Bxe4 dxe4 14. 0-0-0 Rc8 15. Kb1 Nb6 16. Bc1 Qc4 17. Rhe1 Bxa3 18. Nxe4 Bxe4 19. Qxe4 Bc5 20. f5 0-0 21. f6 Rfd8 22. Be3 Nd5 23. Bg1 Nb4 24. b3 Qd5 0-1

[Event "Titled Tuesday intern op 24th Aug"]
[Site "Chess.com INT"]
[Date "2021.08.24"]
[Round "9"]
[White "Leve, Nitai D"]
[Black "Stepak, Yedael"]
[Result "0-1"]
[WhiteElo "2128"]
[BlackElo "2189"]
[PlyCount "80"]
[EventDate "2021.08.24"]
[EventType "swiss (blitz)"]
[EventRounds "11"]
[EventCountry "USA"]
[SourceTitle "EXT 2022"]
[Source "ChessBase"]
[SourceDate "2021.10.06"]
[SourceVersion "1"]
[SourceVersionDate "2021.10.06"]
[SourceQuality "1"]

1. d4 Nf6 2. Nf3 g6 3. g3 Bg7 4. Bg2 0-0 5. 0-0 d6 6. c4 Nc6 7. Nc3 Bf5 8. Nh4 Bd7 9. e4 e5 10. d5 Nd4 11. f4 c5 12. fxe5 dxe5 13. Nf3 Ne8 14. Kh1 Nd6 15. b3 Bg4 16. Be3 Qd7 17. Qd3 h6 18. Bxd4 cxd4 19. Nd1 b6 20. Nf2 Bxf3 21. Bxf3 f5 22. Bg2 Nb7 23. b4 a5 24. a3 axb4 25. axb4 Rxa1 26. Rxa1 Nd6 27. c5 fxe4 28. Nxe4 bxc5 29. Nxc5 Qg4 30. h3 Qf5 31. Ra7 Qxd3 32. Nxd3 e4 33. Nf4 Rf6 34. Ne6 Bf8 35. Rd7 d3 36. Ra7 d2 37. Ra1 e3 38. Nd4 Rf2 39. Kg1 Bg7 40. Nc2 Bxa1 0-1

[Event "Titled Tuesday intern op 27th July"]
[Site "Chess.com INT"]
[Date "2021.07.27"]
[Round "7"]
[White "Arkell, Keith C"]
[Black "Stepak, Yedael"]
[Result "1-0"]
[WhiteElo "2381"]
[BlackElo "2214"]
[PlyCount "123"]
[EventDate "2021.07.27"]
[EventType "swiss (blitz)"]
[EventRounds "11"]
[EventCountry "USA"]
[SourceTitle "CBM 203 Extra"]
[Source "ChessBase"]
[SourceDate "2021.09.30"]
[SourceVersion "1"]
[SourceVersionDate "2021.09.30"]
[SourceQuality "1"]

1. d4 Nf6 2. Nf3 g6 3. c4 Bg7 4. g3 0-0 5. Bg2 d6 6. 0-0 Nc6 7. Nc3 Bf5 8. b3 Ne4 9. Bb2 Nxc3 10. Bxc3 Be4 11. Qd2 e5 12. d5 Bxf3 13. exf3 Nd4 14. f4 f5 15. fxe5 dxe5 16. f4 c5 17. dxc6 bxc6 18. Bxd4 exd4 19. Bxc6 Rc8 20. Bd5+ Kh8 21. Rae1 Qb6 22. Kg2 Rce8 23. Rxe8 Rxe8 24. Re1 Re3 25. Bf3 h5 26. Rxe3 dxe3 27. Qd5 Qb4 28. Qd3 Qe1 29. Qe2 Qc1 30. Bd5 Bd4 31. b4 Kg7 32. c5 Kf6 33. Kh3 Qd2 34. Qxd2 exd2 35. Bb3 a5 36. a3 axb4 37. axb4 Ke7 38. Kg2 Kd7 39. Ba4+ Ke6 40. Kf3 Bc3 41. Bb3+ Ke7 42. b5 Bd4 43. c6 Kd6 44. Ke2 Bc3 45. Bf7 h4 46. Bxg6 hxg3 47. hxg3 Ke6 48. Bxf5+ Kd6 49. Bd3 Kc7 50. g4 Bb4 51. g5 Kd6 52. f5 Ke5 53. c7 Kf4 54. c8Q d1Q+ 55. Kxd1 Ke3 56. Kc2 Kf2 57. Qc4 Be7 58. Qf4+ Kg2 59. Be4+ Kh3 60. Bf3 Bxg5 61. Qg4+ Kh2 62. Qg2# 1-0

[Event "Titled Tuesday intern op 27th July"]
[Site "Chess.com INT"]
[Date "2021.07.27"]
[Round "5"]
[White "Smietanska, Wiktoria"]
[Black "Stepak, Yedael"]
[Result "1-0"]
[WhiteElo "1819"]
[BlackElo "2214"]
[PlyCount "99"]
[EventDate "2021.07.27"]
[EventType "swiss (blitz)"]
[EventRounds "11"]
[EventCountry "USA"]
[SourceTitle "CBM 203 Extra"]
[Source "ChessBase"]
[SourceDate "2021.09.30"]
[SourceVersion "1"]
[SourceVersionDate "2021.09.30"]
[SourceQuality "1"]

1. c4 Nf6 2. Nc3 g6 3. g3 Bg7 4. Bg2 0-0 5. e4 d6 6. Nge2 c5 7. d3 Nc6 8. 0-0 a6 9. h3 Rb8 10. a4 a5 11. Be3 Nb4 12. d4 cxd4 13. Nxd4 Bd7 14. Nd5 e6 15. Nxb4 axb4 16. Nb5 Bc6 17. f3 Ne8 18. Qd2 d5 19. exd5 exd5 20. cxd5 Qxd5 21. Qxd5 Bxd5 22. Bc5 Bc4 23. Rf2 Rc8 24. Bxf8 Kxf8 25. Rc1 Rc6 26. Rfc2 Bxb5 27. axb5 Rxc2 28. Rxc2 Nd6 29. Bf1 Bd4+ 30. Kg2 b6 31. Rd2 Bc5 32. f4 Ke7 33. Kf3 Nf5 34. g4 Nd4+ 35. Ke4 f5+ 36. gxf5 gxf5+ 37. Kd3 Nxb5 38. Re2+ Kf6 39. Kc4 Nd6+ 40. Kd5 Ne4 41. Bg2 Ng3 42. Re6+ Kf7 43. Rh6 Kg7 44. Rc6 Nh5 45. Ke5 Ng3 46. Bf3 Be3 47. Rc7+ Kg6 48. Rc2 Nf1 49. Rg2+ Kh6 50. Re2 1-0

[Event "Titled Tuesday intern op 27th July"]
[Site "Chess.com INT"]
[Date "2021.07.27"]
[Round "4"]
[White "Stepak, Yedael"]
[Black "Tomiello, Lucas Costamilan"]
[Result "0-1"]
[WhiteElo "2214"]
[BlackElo "2114"]
[PlyCount "82"]
[EventDate "2021.07.27"]
[EventType "swiss (blitz)"]
[EventRounds "11"]
[EventCountry "USA"]
[SourceTitle "CBM 203 Extra"]
[Source "ChessBase"]
[SourceDate "2021.09.30"]
[SourceVersion "1"]
[SourceVersionDate "2021.09.30"]
[SourceQuality "1"]

1. d4 Nf6 2. c4 g6 3. Nc3 d5 4. Nf3 Bg7 5. Bf4 0-0 6. e3 c5 7. dxc5 Qa5 8. Rc1 Ne4 9. cxd5 Nd7 10. a3 Nxc3 11. bxc3 Bxc3+ 12. Nd2 Nxc5 13. Bc4 Ne4 14. Rxc3 Qxc3 15. Be2 Bd7 16. f3 Ba4 17. Qxa4 Qxd2+ 18. Kf1 Nc3 19. Qc4 Rac8 20. Qd3 Qc1+ 21. Kf2 Qxh1 22. Bf1 Rfd8 23. e4 b5 24. Be5 Na4 25. Qxb5 Rc2+ 26. Kg3 Nb6 27. Qd3 Rc1 28. Kf2 Rdc8 29. d6 exd6 30. Qxd6 Qxf1+ 31. Kg3 R1c2 32. Qf6 Rxg2+ 33. Kh4 Qf2+ 34. Kh3 Rxh2+ 35. Bxh2 Nd7 36. Qf4 Rc3 37. Kg4 Qg2+ 38. Qg3 Qxg3+ 39. Bxg3 f5+ 40. exf5 gxf5+ 41. Kf4 Kf7 0-1

[Event "Titled Tuesday intern op 20th July"]
[Site "Chess.com INT"]
[Date "2021.07.20"]
[Round "7"]
[White "Stepak, Yedael"]
[Black "Legenia, Artem"]
[Result "0-1"]
[WhiteElo "2214"]
[BlackElo "2144"]
[PlyCount "80"]
[EventDate "2021.07.20"]
[EventType "swiss (blitz)"]
[EventRounds "11"]
[EventCountry "USA"]
[SourceTitle "CBM 203 Extra"]
[Source "ChessBase"]
[SourceDate "2021.09.30"]
[SourceVersion "1"]
[SourceVersionDate "2021.09.30"]
[SourceQuality "1"]

1. d4 Nf6 2. c4 e6 3. Nf3 d5 4. e3 Nbd7 5. Nc3 Bb4 6. Be2 0-0 7. 0-0 Bxc3 8. bxc3 b6 9. Ba3 Re8 10. cxd5 exd5 11. Bb5 Bb7 12. Ne5 a6 13. Bc6 Qc8 14. Qb3 Nxe5 15. Bxe8 Nc4 16. Ba4 b5 17. Bc5 Bc6 18. Qc2 bxa4 19. a3 Ne4 20. Rfe1 Qe6 21. f3 Nxc5 22. dxc5 g6 23. e4 dxe4 24. fxe4 Rd8 25. Rad1 Rxd1 26. Qxd1 Qd7 27. Qxd7 Bxd7 28. Rb1 Nxa3 29. Rb7 Nb5 30. c4 a3 31. cxb5 a2 32. c6 a1Q+ 33. Kf2 Be6 34. b6 Qd4+ 35. Kf3 cxb6 36. c7 Qd3+ 37. Kf4 Qd6+ 38. Ke3 Qc6 39. Ra7 b5 40. Kd4 Qb6+ 0-1

[Event "Titled Tuesday intern op 13th July"]
[Site "Chess.com INT"]
[Date "2021.07.13"]
[Round "6"]
[White "Chen, Max"]
[Black "Stepak, Yedael"]
[Result "0-1"]
[WhiteElo "1997"]
[BlackElo "2214"]
[PlyCount "64"]
[EventDate "2021.07.13"]
[EventType "swiss (blitz)"]
[EventRounds "11"]
[EventCountry "USA"]
[SourceTitle "CBM 203 Extra"]
[Source "ChessBase"]
[SourceDate "2021.09.30"]
[SourceVersion "1"]
[SourceVersionDate "2021.09.30"]
[SourceQuality "1"]

1. e4 c5 2. c3 e6 3. d4 a6 4. Nf3 Qc7 5. Be2 d6 6. 0-0 e5 7. dxe5 dxe5 8. a4 b6 9. Nbd2 Nf6 10. Re1 Be7 11. Nc4 Nc6 12. Qc2 h6 13. b3 0-0 14. Ne3 Be6 15. h3 Rfd8 16. Nf5 Bxf5 17. exf5 e4 18. Nd2 Qf4 19. Bc4 Bd6 20. g3 Qg5 21. Nxe4 Qxf5 22. Bxf7+ Kh8 23. Bc4 Ne5 24. Re3 Nxc4 25. bxc4 Nxe4 26. Qxe4 Qxh3 27. a5 bxa5 28. Ba3 Rf8 29. Rae1 Qd7 30. Qd5 Rad8 31. Rd1 Qa4 32. Bc1 Bc7 0-1

[Event "Titled Tuesday intern op 13th July"]
[Site "Chess.com INT"]
[Date "2021.07.13"]
[Round "1"]
[White "Sellitti, Federico"]
[Black "Stepak, Yedael"]
[Result "1-0"]
[WhiteElo "2176"]
[BlackElo "2214"]
[PlyCount "117"]
[EventDate "2021.07.13"]
[EventType "swiss (blitz)"]
[EventRounds "11"]
[EventCountry "USA"]
[SourceTitle "CBM 203 Extra"]
[Source "ChessBase"]
[SourceDate "2021.09.30"]
[SourceVersion "1"]
[SourceVersionDate "2021.09.30"]
[SourceQuality "1"]

1. e4 c5 2. Nc3 e6 3. g3 a6 4. Bg2 b5 5. d3 Bb7 6. Be3 Qc7 7. f4 d6 8. Nf3 Nd7 9. 0-0 Ngf6 10. h3 Rc8 11. Qe2 b4 12. Nd1 c4 13. Nf2 Be7 14. f5 e5 15. Rad1 Nh5 16. Kh2 g6 17. g4 Nf4 18. Bxf4 exf4 19. d4 0-0 20. g5 Rfe8 21. Rfe1 Bf8 22. Kg1 gxf5 23. e5 dxe5 24. Nxe5 Nxe5 25. dxe5 Bxg2 26. Kxg2 Bc5 27. Qf3 Rxe5 28. Qxf4 Qc6+ 29. Qf3 Qxf3+ 30. Kxf3 Rce8 31. Rxe5 Rxe5 32. Rd8+ Kg7 33. Nd1 c3 34. bxc3 bxc3 35. Rd3 Bb4 36. Nxc3 Ra5 37. Nd5 Bf8 38. Ne3 Kg6 39. c4 Kxg5 40. Rc3 Bc5 41. Nd5 Ra3 42. Rxa3 Bxa3 43. Nf4 Kf6 44. Nd3 Bd6 45. Ke3 Ke6 46. c5 Bc7 47. Kd4 f4 48. Ke4 f5+ 49. Kf3 Kd5 50. Nb4+ Kxc5 51. Nxa6+ Kc6 52. Nxc7 Kxc7 53. Kxf4 Kb6 54. Kxf5 Kb5 55. Kf6 Kc4 56. Kg7 Kc3 57. Kxh7 Kb2 58. Kg7 Kxa2 59. h4 1-0

[Event "Titled Tuesday intern op 13th July"]
[Site "Chess.com INT"]
[Date "2021.07.13"]
[Round "5"]
[White "Stepak, Yedael"]
[Black "Buker, Muhittin"]
[Result "1-0"]
[WhiteElo "2214"]
[BlackElo "1996"]
[PlyCount "35"]
[EventDate "2021.07.13"]
[EventType "swiss (blitz)"]
[EventRounds "11"]
[EventCountry "USA"]
[SourceTitle "CBM 203 Extra"]
[Source "ChessBase"]
[SourceDate "2021.09.30"]
[SourceVersion "1"]
[SourceVersionDate "2021.09.30"]
[SourceQuality "1"]

1. d4 Nf6 2. c4 e6 3. Nf3 b6 4. a3 Ba6 5. Qc2 Be7 6. e4 0-0 7. e5 Ne8 8. Bd3 g6 9. h4 Ng7 10. g4 h5 11. gxh5 Nxh5 12. Rg1 Kh8 13. Bxg6 Ng7 14. Bh6 Rg8 15. Bxf7 Bf8 16. Ng5 Nf5 17. Bxg8 Bxh6 18. Nf7# 1-0

[Event "Titled Tuesday intern op 13th July"]
[Site "Chess.com INT"]
[Date "2021.07.13"]
[Round "4"]
[White "Stepak, Yedael"]
[Black "Golubovskis, Maksims"]
[Result "1-0"]
[WhiteElo "2214"]
[BlackElo "2302"]
[PlyCount "37"]
[EventDate "2021.07.13"]
[EventType "swiss (blitz)"]
[EventRounds "11"]
[EventCountry "USA"]
[SourceTitle "CBM 203 Extra"]
[Source "ChessBase"]
[SourceDate "2021.09.30"]
[SourceVersion "1"]
[SourceVersionDate "2021.09.30"]
[SourceQuality "1"]

1. d4 Nf6 2. c4 c5 3. d5 b5 4. cxb5 a6 5. b6 g6 6. Nc3 Bg7 7. e4 d6 8. Nf3 Bb7 9. Nd2 Qxb6 10. a4 0-0 11. a5 Qc7 12. Nc4 Nbd7 13. Be2 Ne8 14. 0-0 f5 15. exf5 gxf5 16. Bf4 Nef6 17. h3 Kh8 18. Qd3 Nh5 19. Bxh5 1-0

[Event "Titled Tuesday intern op 18th May"]
[Site "Chess.com INT"]
[Date "2021.05.18"]
[Round "5"]
[White "Chirivi Castiblanco, Jenny Astrid"]
[Black "Stepak, Yedael"]
[Result "1-0"]
[WhiteElo "2083"]
[BlackElo "2210"]
[PlyCount "157"]
[EventDate "2021.05.18"]
[EventType "swiss (blitz)"]
[EventRounds "11"]
[EventCountry "USA"]
[SourceTitle "CBM 202 Extra"]
[Source "ChessBase"]
[SourceDate "2021.07.31"]
[SourceVersion "1"]
[SourceVersionDate "2021.07.31"]
[SourceQuality "1"]

1. d4 Nf6 2. c4 g6 3. Nc3 Bg7 4. e4 d6 5. f3 0-0 6. Be3 Nc6 7. Nge2 a6 8. Qd2 Re8 9. h4 h5 10. Nc1 e5 11. d5 Nd4 12. Nb3 c5 13. dxc6 bxc6 14. Nxd4 exd4 15. Bxd4 Rb8 16. Be2 c5 17. Bf2 Nd7 18. Rb1 Qa5 19. 0-0 Ne5 20. Rfd1 Be6 21. Nd5 Qxd2 22. Rxd2 Rb7 23. b3 Nc6 24. Rbd1 Nd4 25. Be3 a5 26. Kf2 a4 27. bxa4 Ra7 28. Nc3 Bd7 29. Nb5 Bxb5 30. axb5 Rea8 31. Bxd4 Bxd4+ 32. Rxd4 cxd4 33. Rxd4 Rxa2 34. Rxd6 Rb2 35. Ke3 Ra3+ 36. Bd3 Rbb3 37. b6 Kf8 38. c5 Ke7 39. e5 Ra5 40. Rc6 Rc3 41. b7 Rb3 42. Rc7+ Ke6 43. c6 Raa3 44. Rd7 Ra7 45. Rd8 Rbxb7 46. cxb7 Rxb7 47. Rd4 Kxe5 48. f4+ Kf6 49. Rd6+ Ke7 50. Ra6 Rb2 51. g3 Rg2 52. Kf3 Rd2 53. Bc4 Rd7 54. Rb6 Rc7 55. Bb3 Rc3+ 56. Kg2 Rc7 57. Kh3 Kf8 58. Rf6 Kg7 59. Rb6 Re7 60. Rc6 Rd7 61. Bc4 Re7 62. Rc5 Rd7 63. f5 gxf5 64. Rxf5 Kg6 65. Rg5+ Kh6 66. Rf5 Kg6 67. Rf4 f6 68. Kg2 Rd2+ 69. Kf3 Rd1 70. Ke3 Re1+ 71. Kf2 Rc1 72. Bd3+ Kg7 73. Rf5 Rd1 74. Be2 Ra1 75. Rxh5 Kg6 76. Rd5 Ra2 77. h5+ Kh6 78. g4 Ra3 79. Rf5 1-0

[Event "Titled Tuesday intern op 18th May"]
[Site "Chess.com INT"]
[Date "2021.05.18"]
[Round "1"]
[White "Stepak, Yedael"]
[Black "Santiago, Yago de Moura"]
[Result "0-1"]
[WhiteElo "2210"]
[BlackElo "2478"]
[PlyCount "54"]
[EventDate "2021.05.18"]
[EventType "swiss (blitz)"]
[EventRounds "11"]
[EventCountry "USA"]
[SourceTitle "CBM 202 Extra"]
[Source "ChessBase"]
[SourceDate "2021.07.31"]
[SourceVersion "1"]
[SourceVersionDate "2021.07.31"]
[SourceQuality "1"]

1. d4 e6 2. c4 f5 3. Nf3 Nf6 4. h3 Bb4+ 5. Bd2 Bxd2+ 6. Nbxd2 0-0 7. e3 d6 8. g4 Nc6 9. gxf5 exf5 10. Bd3 Qe8 11. a3 Ne4 12. Qc2 Qh5 13. Be2 Kh8 14. h4 Nxd2 15. Nxd2 Qf7 16. 0-0-0 b5 17. cxb5 Ne7 18. Qxc7 f4 19. Bf3 Bf5 20. Bxa8 Rxa8 21. Nc4 Rc8 22. Qxd6 Qxc4+ 23. Kd2 Qc2+ 24. Ke1 Bg4 25. Kf1 Qxd1+ 26. Kg2 Bf3+ 27. Kh3 Qxh1# 0-1

[Event "Titled Tuesday intern op 04th May"]
[Site "Chess.com INT"]
[Date "2021.05.04"]
[Round "3"]
[White "Heinemann, Josefine"]
[Black "Stepak, Yedael"]
[Result "1-0"]
[WhiteElo "2266"]
[BlackElo "2210"]
[PlyCount "117"]
[EventDate "2021.05.04"]
[EventType "swiss (blitz)"]
[EventRounds "11"]
[EventCountry "USA"]
[SourceTitle "CBM 202 Extra"]
[Source "ChessBase"]
[SourceDate "2021.07.31"]
[SourceVersion "1"]
[SourceVersionDate "2021.07.31"]
[SourceQuality "1"]

1. e4 c5 2. Nf3 e6 3. d4 cxd4 4. Nxd4 a6 5. c4 Qc7 6. Nc3 Nf6 7. a3 b6 8. Be2 Bb7 9. f3 h6 10. Be3 Nc6 11. 0-0 Bd6 12. f4 Nxd4 13. Qxd4 e5 14. Qd2 Nxe4 15. Nxe4 Bxe4 16. fxe5 Bxe5 17. Bf4 Bxf4 18. Rxf4 f5 19. Bh5+ Ke7 20. Re1 Qe5 21. Rf2 Kd8 22. Bf3 Re8 23. Rfe2 Kc7 24. Bxe4 fxe4 25. Qe3 Qc5 26. Qxc5+ bxc5 27. Rxe4 Rxe4 28. Rxe4 Rb8 29. Re2 d6 30. Kf2 Rf8+ 31. Kg3 Kc6 32. b4 Rb8 33. bxc5 Kxc5 34. Re7 Rb3+ 35. Kf4 g5+ 36. Kg4 Rxa3 37. Rh7 Rc3 38. Rxh6 Rxc4+ 39. Kxg5 a5 40. g4 a4 41. Rh8 Kb6 42. Rb8+ Ka7 43. Rb1 a3 44. h4 Rc5+ 45. Kg6 Ra5 46. h5 a2 47. Ra1 Kb6 48. h6 Kb5 49. h7 Ra8 50. Rxa2 Rc8 51. g5 Kc5 52. Kh6 Kd5 53. g6 Ke6 54. g7 Kf6 55. g8Q Rc1 56. Qg6+ Ke5 57. Re2+ Kf4 58. Qe4+ Kg3 59. Rg2+ 1-0

[Event "Titled Tuesday intern op 13th Apr"]
[Site "Chess.com INT"]
[Date "2021.04.13"]
[Round "6"]
[White "Simonovic, Miroslav"]
[Black "Stepak, Yedael"]
[Result "0-1"]
[WhiteElo "2119"]
[BlackElo "2217"]
[PlyCount "118"]
[EventDate "2021.04.13"]
[EventType "swiss (blitz)"]
[EventRounds "11"]
[EventCountry "USA"]
[SourceTitle "CBM 201 Extra"]
[Source "ChessBase"]
[SourceDate "2021.05.31"]
[SourceVersion "1"]
[SourceVersionDate "2021.05.31"]
[SourceQuality "1"]

1. d4 Nf6 2. Bg5 Ne4 3. h4 c5 4. dxc5 Qa5+ 5. Nd2 Nxd2 6. Qxd2 Qxc5 7. c3 d6 8. e4 Be6 9. Be3 Qc7 10. Nf3 h6 11. Nd4 Bd7 12. Nb5 Qc6 13. f3 a6 14. Nd4 Qc7 15. 0-0-0 Nc6 16. Kb1 Rc8 17. h5 Ne5 18. g4 Nc4 19. Bxc4 Qxc4 20. Nf5 Be6 21. b3 Qxc3 22. Qxc3 Rxc3 23. Kb2 Rc8 24. Bd4 Bxf5 25. gxf5 e5 26. fxe6 fxe6 27. f4 Kf7 28. Rhg1 Rg8 29. Rg6 Be7 30. Rd2 b5 31. Rdg2 Bf6 32. e5 dxe5 33. Bxe5 Rcd8 34. Rc2 Rd7 35. Rc6 Rgd8 36. Rxa6 b4 37. Rc6 Rd2+ 38. Rc2 Rxc2+ 39. Kxc2 Bxe5 40. fxe5 Rd5 41. Rg4 Rxe5 42. Rxb4 Rxh5 43. a4 Rg5 44. Rb7+ Kf6 45. b4 h5 46. a5 h4 47. a6 Rg2+ 48. Kb3 Rg1 49. Kb2 h3 50. a7 Rg2+ 51. Kb3 Rg3+ 52. Kb2 Rg2+ 53. Kb3 h2 54. a8Q Rg3+ 55. Kb2 Rg2+ 56. Kc3 h1Q 57. Qf8+ Ke5 58. Rb5+ Ke4 59. Qa8+ Ke3 0-1

[Event "Titled Tuesday intern op 06th Apr"]
[Site "Chess.com INT"]
[Date "2021.04.06"]
[Round "9"]
[White "Golizadeh, Asghar"]
[Black "Stepak, Yedael"]
[Result "1-0"]
[WhiteElo "2455"]
[BlackElo "2217"]
[PlyCount "123"]
[EventDate "2021.04.06"]
[EventType "swiss (blitz)"]
[EventRounds "11"]
[EventCountry "USA"]
[SourceTitle "CBM 201 Extra"]
[Source "ChessBase"]
[SourceDate "2021.05.31"]
[SourceVersion "1"]
[SourceVersionDate "2021.05.31"]
[SourceQuality "1"]

1. e4 c5 2. Nf3 e6 3. d3 a6 4. g3 Qc7 5. Bg2 b5 6. 0-0 Bb7 7. Re1 d6 8. c3 Nf6 9. Nbd2 e5 10. c4 Nbd7 11. Nf1 bxc4 12. dxc4 Be7 13. Bg5 0-0 14. Nh4 g6 15. Ne3 Nb6 16. Qd3 Rfd8 17. Rad1 a5 18. Bxf6 Bxf6 19. Nf3 a4 20. Nd2 Bg5 21. Nb1 Bxe3 22. Rxe3 Ba6 23. b3 Rab8 24. Qc2 axb3 25. axb3 Bb7 26. Nc3 Bc6 27. f4 exf4 28. gxf4 Qe7 29. Rde1 Qh4 30. Rf1 Re8 31. Qe2 Nd7 32. Qd3 Re6 33. Bh3 Rf6 34. Bxd7 Bxd7 35. Nd5 Re6 36. Rh3 Qg4+ 37. Rg3 Qh4 38. f5 Rxe4 39. Qxe4 Qxe4 40. Nf6+ Kf8 41. Nxe4 Bxf5 42. Nxd6 Be6 43. Re3 Ke7 44. Nxf7 Ra8 45. Ng5 Ra6 46. Rfe1 Kf6 47. Rxe6+ Rxe6 48. Rxe6+ Kxg5 49. Rc6 Kf4 50. Rxc5 g5 51. b4 h5 52. b5 h4 53. b6 g4 54. b7 g3 55. b8Q+ Kf3 56. Qe5 g2 57. Rc6 Kg4 58. Qe4+ Kg5 59. Rg6+ Kh5 60. Qd3 h3 61. Qf5+ Kh4 62. Rh6# 1-0

[Event "Titled Tuesday intern op 06th Apr"]
[Site "Chess.com INT"]
[Date "2021.04.06"]
[Round "3"]
[White "Osmak, Iulija"]
[Black "Stepak, Yedael"]
[Result "1-0"]
[WhiteElo "2428"]
[BlackElo "2217"]
[PlyCount "83"]
[EventDate "2021.04.06"]
[EventType "swiss (blitz)"]
[EventRounds "11"]
[EventCountry "USA"]
[SourceTitle "CBM 201 Extra"]
[Source "ChessBase"]
[SourceDate "2021.05.31"]
[SourceVersion "1"]
[SourceVersionDate "2021.05.31"]
[SourceQuality "1"]

1. Nf3 Nf6 2. g3 g6 3. Bg2 Bg7 4. 0-0 0-0 5. c4 d6 6. Nc3 Nc6 7. e4 e5 8. d3 a6 9. a4 a5 10. h3 Nb4 11. g4 c6 12. d4 Qe7 13. Be3 h5 14. g5 Nh7 15. h4 Bg4 16. Qd2 Bxf3 17. Bxf3 exd4 18. Bxd4 Bxd4 19. Qxd4 Nc2 20. Qb6 Nxa1 21. Rxa1 Qe5 22. Bg2 Rab8 23. Rf1 Qf4 24. Qxa5 Qxh4 25. f4 Qg3 26. Qb6 h4 27. Rf3 Qe1+ 28. Kh2 Qd2 29. Rf2 Qd3 30. Rf3 Qxc4 31. Rh3 Qc5 32. Qb3 Nxg5 33. fxg5 Qxg5 34. Ne2 b5 35. a5 b4 36. a6 Qe5+ 37. Kh1 Qb5 38. Nf4 Qg5 39. Nd3 Ra8 40. Qc4 Qb5 41. Qd4 c5 42. Qf6 1-0

[Event "Titled Tuesday intern op 30th Mar"]
[Site "Chess.com INT"]
[Date "2021.03.30"]
[Round "2"]
[White "Msellek, Ilyass"]
[Black "Stepak, Yedael"]
[Result "0-1"]
[WhiteElo "2342"]
[BlackElo "2217"]
[PlyCount "76"]
[EventDate "2021.03.30"]
[EventType "swiss (blitz)"]
[EventRounds "11"]
[EventCountry "USA"]
[SourceTitle "CBM 201 Extra"]
[Source "ChessBase"]
[SourceDate "2021.05.31"]
[SourceVersion "1"]
[SourceVersionDate "2021.05.31"]
[SourceQuality "1"]

1. d4 Nf6 2. Nf3 g6 3. Nc3 d5 4. Bf4 Bg7 5. Qd2 h6 6. h4 Ne4 7. Nxe4 dxe4 8. Ne5 Nd7 9. Qc3 Nxe5 10. Bxe5 Bxe5 11. dxe5 Be6 12. Rd1 Qc8 13. e3 0-0 14. Be2 h5 15. Qb4 c5 16. Qxe4 Bf5 17. Qf4 Bxc2 18. Rc1 Bf5 19. Rg1 b6 20. Bf3 Rb8 21. g4 hxg4 22. Bxg4 Bxg4 23. Rxg4 Qe6 24. h5 Kg7 25. Ke2 Rh8 26. hxg6 fxg6 27. Rcg1 Rh6 28. b3 Rf8 29. Qe4 Rf5 30. f4 Rfh5 31. R1g2 Rh2 32. Rxh2 Rxh2+ 33. Rg2 Rxg2+ 34. Qxg2 Qf5 35. Qb7 Qc2+ 36. Kf3 Qd1+ 37. Kg3 Qg1+ 38. Kf3 Qh1+ 0-1

[Event "Titled Tuesday intern op 30th Mar"]
[Site "Chess.com INT"]
[Date "2021.03.30"]
[Round "5"]
[White "Stepak, Yedael"]
[Black "Hartikainen, Jarmo"]
[Result "0-1"]
[WhiteElo "2217"]
[BlackElo "2142"]
[PlyCount "110"]
[EventDate "2021.03.30"]
[EventType "swiss (blitz)"]
[EventRounds "11"]
[EventCountry "USA"]
[SourceTitle "CBM 201 Extra"]
[Source "ChessBase"]
[SourceDate "2021.05.31"]
[SourceVersion "1"]
[SourceVersionDate "2021.05.31"]
[SourceQuality "1"]

1. d4 Nf6 2. c4 g6 3. Nc3 d5 4. Nf3 Bg7 5. Bf4 0-0 6. e3 c6 7. h3 a6 8. Be2 Nbd7 9. cxd5 cxd5 10. Qb3 e6 11. a4 b6 12. 0-0 Bb7 13. Rfc1 Rc8 14. a5 b5 15. Bd6 Re8 16. Bb4 Bf8 17. Ne1 Bxb4 18. Qxb4 Qe7 19. Qxe7 Rxe7 20. b4 Nb8 21. Nd3 Nc6 22. Na2 e5 23. dxe5 Nxe5 24. Nc5 Nc4 25. Nc3 Rd8 26. Bf3 Nd2 27. Nxb7 Nxf3+ 28. gxf3 Rxb7 29. Rd1 Rc7 30. Ne2 Rc4 31. Rd4 Rxd4 32. Nxd4 Rc8 33. Kf1 Rc4 34. Rb1 Nd7 35. Ke2 Ne5 36. f4 Nd7 37. Kd3 Kf8 38. Nc2 Ke7 39. Na3 Rc6 40. f3 Kd6 41. Rd1 f6 42. e4 dxe4+ 43. fxe4 Ke6 44. Ke3 Rd6 45. Rxd6+ Kxd6 46. Kd4 Ke6 47. Nc2 Kd6 48. Ne3 Nb8 49. e5+ fxe5+ 50. fxe5+ Ke6 51. Ke4 Nc6 52. Ng4 Nxb4 53. Nf6 h6 54. Ng8 h5 55. Nf6 Nc6 0-1

[Event "Titled Tuesday intern op 09th Mar"]
[Site "Chess.com INT"]
[Date "2021.03.09"]
[Round "4"]
[White "Muzzi, Eduardo"]
[Black "Stepak, Yedael"]
[Result "1-0"]
[WhiteElo "1938"]
[BlackElo "2217"]
[PlyCount "131"]
[EventDate "2021.03.09"]
[EventType "swiss (blitz)"]
[EventRounds "11"]
[EventCountry "USA"]
[SourceTitle "CBM 201 Extra"]
[Source "ChessBase"]
[SourceDate "2021.05.31"]
[SourceVersion "1"]
[SourceVersionDate "2021.05.31"]
[SourceQuality "1"]

1. e4 c5 2. Nf3 e6 3. d4 cxd4 4. Nxd4 a6 5. c4 Qc7 6. Nc3 Nf6 7. Bd3 Bd6 8. h3 h6 9. 0-0 g5 10. Be2 Be5 11. Be3 b6 12. Qd2 Bb7 13. f3 Nh5 14. Rfd1 Bh2+ 15. Kf1 Bf4 16. Kg1 Bh2+ 17. Kf1 Ng3+ 18. Kf2 f5 19. exf5 Nxf5 20. Nxf5 exf5 21. Kf1 Nc6 22. Nd5 Qe5 23. Bxb6 Kf7 24. Bc7 Qe6 25. Bxh2 Rac8 26. Bd3 Kg7 27. Re1 Qf7 28. Bg1 Rhe8 29. Rxe8 Rxe8 30. Re1 Rxe1+ 31. Qxe1 a5 32. Qc3+ Kg6 33. g4 Ne7 34. gxf5+ Nxf5 35. Qc2 Bxd5 36. Bxf5+ Qxf5 37. Qxf5+ Kxf5 38. cxd5 Ke5 39. Bb6 a4 40. Ba5 Kxd5 41. b3 axb3 42. axb3 Kc5 43. b4+ Kb5 44. Kf2 h5 45. Ke3 Kc4 46. Ke4 d5+ 47. Ke3 d4+ 48. Kd2 d3 49. Kd1 Kd4 50. Kd2 Ke5 51. Kxd3 Kf4 52. Ke2 Kg3 53. b5 Kxh3 54. b6 g4 55. fxg4 hxg4 56. b7 g3 57. Bb6 g2 58. b8Q g1Q 59. Qh8+ Kg2 60. Qg7+ Kh3 61. Qxg1 Kh4 62. Kf3 Kh5 63. Kf4 Kh6 64. Kf5 Kh7 65. Qg6+ Kh8 66. Bd4# 1-0